000 00805nam a22002297a 4500
005 20170124110218.0
010 _aA-937212
020 _c600.00
_a8171009832
035 _aA-937212
037 _bCen Lib/Ret
040 _aDPL
_bEN
082 _a305.56
_bANI
100 _aAnirudh Prasad
_939432
245 _aReservational justice to other backward classes (OBCs) :
_cby Anirudh Prasad
_btheoritical and practical issues /
260 _aUnited State of America
_bDeep and deep publications
_c1997
270 _bUnited State of America
_aF-159, Rajouri garden
_e110027
300 _axviii,339p.
_c24cm(Hb)
500 _aIncludes index
650 _aSocial problem
_9241
650 _aPeople with social disabilities
_xGovernment policy
_939433
942 _2ddc
_cEN
_h305.56
_mANI
999 _c133979
_d133979